• 首页
  • 本馆介绍
  • 公告通知
  • 最新文献
  • 馆藏检索
  • 电子资源
  • 读者导购
  • 参考咨询
  • 我的图书馆
  • 登录
  • 详细信息显示
  • 放入我的书架
  • 预约/预借图书
  • 作者相关作品
  • 分类相关作品
  • 丛书相关作品
  • 出版社相关作品

书目信息

  • 表格格式
  • 工作单格式
  • 卡片格式
题名:
中老年养生保健大全
    
 
作者: 王玉学 主编
分册:  
出版信息: 哈尔滨   黑龙江科学技术出版社  2004
页数: 14,370页
开本: 21cm
丛书名: 现代家庭养生宝典
单 册:
中图分类: R161.7
科图分类:
主题词: 老年人--保健--基本知识 , 中年人 , 中年人--保健--基本知识 , 保健 , 老年人
电子资源:
ISBN: 7-5388-4738-3
000 00946oam2 2200289 450
001 002791626
005 20061101083321.06
010    @a7-5388-4738-3@dCNY24.50
100    @a20050106d2004 em y0chiy0110 ea
101 0  @achi
102    @aCN@b230000
105    @aa z 000yy
200 1  @a中老年养生保健大全@9zhong lao nian yang sheng bao jian da quan@e中老年人益寿延年的宝典@f王玉学主编
210    @a哈尔滨@c黑龙江科学技术出版社@d2004
215    @a14,370页@c图@d21cm
225 2  @a现代家庭养生宝典
330    @a本书共5章,包括中老年人的生理特征、中老年人的心理保健、中老年人的科学保健、中老年人常见意外伤害的处理和疾病的预防等。
461  0 @12001 @a现代家庭养生宝典
606 0  @a老年人@x保健@x基本知识
606 0  @a中年人
606 0  @a中年人@x保健@x基本知识
606 0  @a保健
606 0  @a老年人
690    @aR161.7@v4
701  0 @a王玉学@9wang yu xue@c(医学)@4主编
801  0 @aCN@bNLC@c20061101
905    @a10447@dR161.7@e106
    
    中老年养生保健大全:中老年人益寿延年的宝典/王玉学主编.-哈尔滨:黑龙江科学技术出版社,2004
    14,370页:图;21cm.-(现代家庭养生宝典)
    
    
    ISBN 7-5388-4738-3:CNY24.50
    本书共5章,包括中老年人的生理特征、中老年人的心理保健、中老年人的科学保健、中老年人常见意外伤害的处理和疾病的预防等。
●
相关链接 在E读中查询图书 在五车中查询图书 在当当中查询图书 在豆瓣中查询图书


正题名:中老年养生保健大全     索取号:R161.7/106         预约/预借

序号 登录号 条形码 馆藏地/架位号 状态 备注
1 0386972   203869723   第二样本阅览室/ [索取号:R161.7/106] 在馆    
2 0386973   203869732   第三借阅区/ [索取号:R161.7/106] 在馆    
3 0386974   203869741   第三借阅区/ [索取号:R161.7/106] 在馆    
唐山师范学院图书馆 欢迎您!
大连网信软件有限公司© 版权所有